000 00533nam a22002057a 4500
999 _c6303
_d6303
003 OSt
005 20190905114255.0
008 190905b ||||| |||| 00| 0 eng d
020 _a0155510053
040 _cDDC
082 _a512.5 STR 1988
100 _aStrang, Gilbert
_94403
245 _aLinear Algebra and its Applications
250 _a3rd ed.
260 _aAustralia;
_bBrooks/cole
_c1988
300 _axii,505p;
_bill:
_c24cm
505 _aAppendices, & index included
650 _aLinear algebra
_93634
942 _2z
_cBOOK